| 000 | 00352nam a22001337a 4500 | ||
|---|---|---|---|
| 008 | 180205b xxu||||| |||| 00| 0 eng d | ||
| 020 | _a9780801315473 | ||
| 041 | _aeng | ||
| 080 | _a32 | ||
| 100 | _a19 | ||
| 101 | _aPOL | ||
| 245 |
_aUnderstanding the political world a comparative introduction to political science _cDanziger,J.N |
||
| 942 |
_2udc _cBK |
||
| 999 |
_c41830 _d41830 |
||